|
|
|
|
| LEADER |
00000nab a2200000 4500 |
| 001 |
vtls011929841 |
| 003 |
SK-MaSNL |
| 005 |
20260303231547.0 |
| 008 |
200420|2019 xo ||||||||||||00 ||slo| |
| 038 |
|
|
|a PPPK
|
| 040 |
|
|
|a PPPKCL
|b slo
|e rda
|
| 041 |
0 |
|
|a slo
|
| 043 |
|
|
|a e-xo---
|
| 044 |
|
|
|a xo
|c SK
|
| 072 |
|
7 |
|a 796
|x Šport. Hry. Telesné cvičenia
|2 konspekt
|
| 080 |
|
|
|a 796.421
|2 2011
|
| 100 |
1 |
|
|a Vengliková, Zuzana
|c (prekladateľka)
|4 aut
|9 194685
|
| 245 |
1 |
0 |
|a Nordic walking deň v Belianskych Tatrách
|c Zuzana Vengliková
|
| 300 |
|
|
|b Fotografie
|
| 336 |
|
|
|a text
|b txt
|2 rdacontent
|
| 337 |
|
|
|a bez média
|b n
|2 rdamedia
|
| 338 |
|
|
|a zväzok
|b nc
|2 rdacarrier
|
| 611 |
2 |
7 |
|a Nordic walking deň v Belianskych Tatrách
|d (2019 :
|c Kežmarské Žľaby, Slovensko)
|2 SNK
|9 1266740
|
| 648 |
|
7 |
|a 14.9.2019
|2 SNK
|9 1266741
|
| 650 |
0 |
7 |
|a nordic walking
|2 SNKPH
|9 114882
|
| 651 |
|
7 |
|a Kežmarské Žľaby (Vysoké Tatry, Slovensko)
|2 SNKPHgeo
|9 176434
|
| 651 |
|
7 |
|a Belianske Tatry (Slovensko : pohorie)
|2 SNKPHgeo
|9 177592
|
| 651 |
|
7 |
|a Vysoké Tatry (Poľsko a Slovensko : pohorie)
|2 SNKPHgeo
|9 67729
|
| 773 |
0 |
|
|t Spišskobeliansky spravodaj
|g Roč. 17, č. 9 (2019), s. 12
|x 1339-1534
|
| 852 |
|
|
|a PPPK
|b KIS3GCP
|
| 958 |
|
|
|a RG
|
| 999 |
|
|
|c 2267456
|d 2269386
|